The structure of deference: (Record no. 506787)

000 -LEADER
fixed length control field 00493nam a2200169Ia 4500
008 - FIXED-LENGTH DATA ELEMENTS--GENERAL INFORMATION
fixed length control field 181130s2018 xx 000 0 und d
100 ## - MAIN ENTRY--PERSONAL NAME
Personal name Freeland, Robert E.
245 ## - TITLE STATEMENT
Title The structure of deference:
Remainder of title modeling occupational status using affect control theory
260 ## - PUBLICATION, DISTRIBUTION, ETC.
Date of publication, distribution, etc. 2018
300 ## - PHYSICAL DESCRIPTION
Extent p.243-277.
504 ## - BIBLIOGRAPHY, ETC. NOTE
-- Apr
650 ## - SUBJECT ADDED ENTRY--TOPICAL TERM
Topical term or geographic name entry element Class structure
650 ## - SUBJECT ADDED ENTRY--TOPICAL TERM
Topical term or geographic name entry element Occupational status
700 ## - ADDED ENTRY--PERSONAL NAME
Personal name Hoey, Jesse
773 ## - HOST ITEM ENTRY
Main entry heading American Sociological Review
906 ## - LOCAL DATA ELEMENT F, LDF (RLIN)
a Occupational status
Holdings
Withdrawn status Lost status Damaged status Not for loan Permanent Location Current Location Date acquired Serial Enumeration / chronology Barcode Date last seen Price effective from Koha item type
        Indian Institute of Public Administration Indian Institute of Public Administration 2018-12-07 83(2), Apr, 2018: p.243-277. AR118582 2018-12-07 2018-12-07 Articles

Powered by Koha